Nördlichste Länder, in denen es nicht schneit - Statistiken

Allgemein
  • Dieses Quiz wurde 43 mal gespielt
  • Das Durchschnittsergebnis liegt bei 10 aus 18
Antwortstatistiken
° N Land % Korrekt
31.60 Ägypten
93%
22.20 Sudan
76%
23.48 Tschad
71%
25.07 Mali
66%
35.92 Malta
63%
23.27 Kuba
61%
23.52 Niger
61%
27.27 Bahamas
56%
19.92 Dominikanische Republik
56%
20.07 Haiti
56%
26.15 Katar
54%
30.10 Kuwait
49%
18.98 Jamaika
46%
22.48 Laos
46%
20.45 Thailand
46%
26.28 Bahrain
41%
26.63 Bangladesch
37%
21.12 Philippinen
24%
Keine übereinstimmenden Quizze gefunden
Verteilung der Resultate
Anzahl Personen mit jedem Resultat
Perzentil nach korrekt beantworteten Fragen
Ihre Resultats-Entwicklung
Sie haben dieses Quiz noch nicht gespielt